000 00913nam a22001337a 4500
999 _c529097
_d529097
008 250221b ||||| |||| 00| 0 eng d
100 _aSrviastava, Rohit
_950771
245 _a Is non-violence a viable policy in global affairs?
260 _aWorld Affairs: The Journal of International Issues
300 _a 28(4), Oct-Dec, 2024: p.106-115
520 _aThe article contrarians a reflection on the ongoing global transformation and on India’s evolving rule in the international system. The author argues that India should derive inhibition for its foreign policy from its ancient philosophy which is broader than Mahatma Gandhi’s non –violent approach. The concepts of non-violence are not always viable in the context of the human condition as history and centenary events demonstrate time and again. – Reproduced
773 _aWorld Affairs: The Journal of International Issues
942 _cAR